| 000 | 00435pab a2200157 454500 | ||
|---|---|---|---|
| 008 | 180718b2013 xxu||||| |||| 00| 0 eng d | ||
| 100 | _aGavrilovic, Nenad | ||
| 245 | _aUnfair consumer contract terms under Macedonian law: How the old and the new function in practice | ||
| 260 | _c2013 | ||
| 300 | _ap.315-328. | ||
| 362 | _aSep | ||
| 650 | _aConsumers | ||
| 773 | _aJournal of Consumer Policy | ||
| 908 | _aN | ||
| 909 | _a101491 | ||
| 999 |
_c101489 _d101489 |
||